Le meilleur buteur de Ligue 1 depuis 2000. - Statistiques

Statistiques générales
  • Ce quiz a été pris 225 fois
  • Le résultat moyen est 20 sur 27
Statistiques - réponses
Années Clubs Joueurs % Correct
2023-2024 Paris Saint-Germain Kylian Mbappé
100%
2022-2023 Paris Saint-Germain Kylian Mbappé
100%
2021-2022 Paris Saint-Germain Kylian Mbappé
100%
2020-2021 Paris Saint-Germain Kylian Mbappé
100%
2019-2020 Paris Saint-Germain Kylian Mbappé
100%
2018-2019 Paris Saint-Germain Kylian Mbappé
100%
2017-2018 Paris Saint-Germain Edinson Cavani
97%
2016-2017 Paris Saint-Germain Edinson Cavani
97%
2015-2016 Paris Saint-Germain Zlatan Ibrahimovic
97%
2013-2014 Paris Saint-Germain Zlatan Ibrahimovic
97%
2012-2013 Paris Saint-Germain Zlatan Ibrahimovic
97%
2014-2015 Olympique Lyonnais Alexandre Lacazette
92%
2011-2012 Montpellier Hérault Olivier Giroud
90%
2006-2007 Paris Saint-Germain Pedro Miguel Pauleta
75%
2005-2006 Paris Saint-Germain Pedro Miguel Pauleta
75%
2001-2002 Girondins de Bordeaux Pedro Miguel Pauleta
75%
2007-2008 Olympique Lyonnais Karim Benzema
69%
2003-2004 AJ Auxerre Djibril Cissé
64%
2001-2002 AJ Auxerre Djibril Cissé
64%
2008-2009 Toulouse FC André-Pierre Gignac
60%
2009-2010 Olympique de Marseille Mamadou Niang
52%
2011-2012 Paris Saint-Germain Nenê
48%
2000-2001 Olympique Lyonnais Sonny Anderson
47%
1999-2000 Olympique Lyonnais Sonny Anderson
47%
2010-2011 Lille OSC Moussa Sow
40%
2004-2005 Stade Rennais Alexander Frei
34%
2002-2003 AS Monaco Shibani Nonda
23%
Aucun quiz correspondant
Distribution des résultats
% des personnes avec chaque résultat
Percentile par nombre de réponses
Votre historique - résultats
Vous n’avez pas pris ce quiz